01425nam a22002417a 450000500170000000800410001704000290005804100080008708200140009510000320010924200560014124500510019726001690024830000360041749000730045350003300052650501350085650600210099154600230101260000550103565000470109065000460113720160129104604.0160129s1930 fr ||||f |||| 00| 0bfre d cSandra YazodSandra Yazo0 afre04220a921.11 aMichaud, Régisd1880-193903aLa inspirada vida de EmersoncRégis Michaud yspa13aLa vie inspirée d’EmersoncRégis Michaud aParís (Francia)bLibrairie Plon. Les petits-fils del Plon et Nourrit, imprimeurs-éditeurs [Librería Plon. Nietos de Plon y Nourrit, impresores-editores]c1930 aiii, 347 páginasc18 x 12 cm. 3aLe roman des grandes existences [La novela de las grandes vidas]v30 aDetalles físicos: Encuadernación rígida (holandesa) cartón forrado en papel. Lomo de tela texturizada, con letras en dorado. Guardas. Hoja de cortesía. Anteportada. Portada impresa en una sola tinta, con emblema del editor. Texto en una sola columna. Pág. 49 con mancha de tinta. Algunos subrayados entre el texto1 aBiografía de Ralph Waldo Emerson ; Prólogo ; Parte I - III: En camino hacia el ideal ; En la colmena ; Los destinos del mundo  aConsulta en sala aTexto en francés1 aEmerson, Ralph Waldod1803-1882 ‎ xBiografías 7aFilósofos estadounidenses xBiografías 7aEscritores estadounidenses xBiografías